Transtornos del aprendizaje del cálculo / (Record no. 146205)

MARC details
000 -LEADER
campo de control de longitud fija 00546nam a2200181 i 4500
001 - NÚMERO DE CONTROL
campo de control 146205
003 - IDENTIFICADOR DE NÚMERO DE CONTROL
campo de control ES-MaACL
005 - FECHA Y HORA DE LA ÚLTIMA TRANSACCIÓN
campo de control 20230906201442.0
007 - CAMPO FIJO DE DESCRIPCIÓN FÍSICA--INFORMACIÓN GENERAL
campo de control de longitud fija t|
008 - DATOS DE LONGITUD FIJA--INFORMACIÓN GENERAL
campo de control de longitud fija 070905s1972 sp ||||1| spa d
245 00 - MENCIÓN DEL TÍTULO
Título Transtornos del aprendizaje del cálculo /
Mención de responsabilidad, etc. Dugas, Guillarme, Hasaerts; [traducido por Mª Helena Feliu].
250 ## - MENCION DE EDICION
Mención de edición [1ª ed.].
260 ## - PUBLICACIÓN, DISTRIBUCIÓN, ETC.
Lugar de publicación, distribución, etc. Barcelona :
Nombre del editor, distribuidor, etc. [Fontanella],
Fecha de publicación, distribución, etc. 1972.
300 ## - DESCRIPCIÓN FÍSICA
Extensión 206 p. ;
Dimensiones 23 cm.
700 1# - ENTRADA AGREGADA--NOMBRE PERSONAL
Nombre de persona Dugas.
9 (RLIN) 45925
700 1# - ENTRADA AGREGADA--NOMBRE PERSONAL
Nombre de persona Feliu, Mª Helena.
9 (RLIN) 49191
852 ## - LOCALIZACIÓN
Ubicación ES-MaACL
Número de control de estantería C-49384
Sublocalización o colección R.84464
Holdings
Estatus retirado Estado de pérdida Estado de daño No para préstamo Biblioteca de origen Biblioteca actual Ubicación en estantería Fecha de adquisición Fuente de adquisición Total de préstamos Signatura topográfica completa Código de barras Visto por última vez Precio de reemplazo Tipo de ítem Koha
        Biblioteca del Ateneo de Madrid Biblioteca del Ateneo de Madrid Depósito 2 17/01/2008     C-49384 1152601 23/02/2023 23/02/2023 Libro impreso